| 000 | 00629nam a2200241Ia 4500 | ||
|---|---|---|---|
| 001 | 5717 | ||
| 005 | 20240113233844.0 | ||
| 007 | ta | ||
| 008 | 050622s2002 g b000 u eng u | ||
| 020 | _a81-86423-48-6 | ||
| 040 | _aCotton College,Assam | ||
| 041 | _aeng | ||
| 082 |
_a822.09 _bWe 391 Du |
||
| 100 | _aWebster, John . | ||
| 245 | 0 |
_aThe Duchess of Malfi / _cJohn Webster. _hTextual Documents |
|
| 250 | _a1st ed. / | ||
| 260 |
_aNew Delhi : _bWorldview , _c2002. |
||
| 300 |
_axiv, 218p. ; _c23cm.. |
||
| 653 | _aEnglish drama-Criticism | ||
| 942 |
_2ddc _cBK |
||
| 999 |
_c5704 _d5704 |
||